ბათუმის შოთა რუსთაველის სახელმწიფო უნივერსიტეტის ბიბლიოთეკა

ლექსები (ბიბ.ჩანაწერი № 42126)

000 -LEADER
fixed length control field 00653nam a2200217Ia 4500
001 - CONTROL NUMBER
control field 8818
003 - CONTROL NUMBER IDENTIFIER
control field GE_BSU
008 - FIXED-LENGTH DATA ELEMENTS--GENERAL INFORMATION
fixed length control field 181216s||||||||xx |||||||||||||| ||und||
040 ## - CATALOGING SOURCE
Transcribing agency GE_BSU
080 ## - UNIVERSAL DECIMAL CLASSIFICATION NUMBER
Universal Decimal Classification number 821.353.1–1
100 ## - MAIN ENTRY--PERSONAL NAME
Personal name კალანდაძე, ანა
245 ## - TITLE STATEMENT
Title ლექსები
245 ## - TITLE STATEMENT
Statement of responsibility, etc. რედ.გ.ხუხაშვილი;მხატვ.შ. ბერიტაშვილი
260 ## - PUBLICATION, DISTRIBUTION, ETC.
Place of publication, distribution, etc. თბილისი
260 ## - PUBLICATION, DISTRIBUTION, ETC.
Name of publisher, distributor, etc. სახელმწიფო გამ-ბა
260 ## - PUBLICATION, DISTRIBUTION, ETC.
Date of publication, distribution, etc. 1953
300 ## - PHYSICAL DESCRIPTION
Extent 79გვ.20სმ.
300 ## - PHYSICAL DESCRIPTION
Accompanying material 1ფ.პორტ.
653 ## - INDEX TERM--UNCONTROLLED
Uncontrolled term ლექსები
942 ## - ADDED ENTRY ELEMENTS (KOHA)
Koha item type წიგნი
ეგზემპლარები
Withdrawn status Lost status Damaged status Not for loan Date acquired Barcode Date last seen Price effective from Koha item type Public note
        2018-12-17 31279 2018-12-17 2018-12-17 წიგნი  
        2018-12-17 31283 2018-12-17 2018-12-17 წიგნი  
        2018-12-17 31280 2018-12-17 2018-12-17 წიგნი  
        2018-12-17 31281 2018-12-17 2018-12-17 წიგნი  
        2018-12-17 31282 2018-12-17 2018-12-17 წიგნი  
        2018-12-17 22248 2018-12-17 2018-12-17 წიგნი აგრარული ტექ.ფაკ.